Education Indicators in Focus

সংরক্ষণ করুন:
গ্রন্থ-পঞ্জীর বিবরন
বিন্যাস: বৈদ্যুতিক পত্রিকা
প্রকাশিত: OECD Publications Centre
অনলাইন ব্যবহার করুন:Available in Education Source.
ট্যাগগুলো: ট্যাগ যুক্ত করুন
কোনো ট্যাগ নেই, প্রথমজন হিসাবে ট্যাগ করুন!

MARC

LEADER 00000nas a22000002 4500
001 ebs71688352e
003 EBZ
006 m d ||||||
007 cr|unu||||||||
008 241105| xx uu p o 0 0||| d
022 |y 2226-7077 
035 |a (EBZ)ebs71688352e 
040 |a EBZ 
042 |a msc 
050 0 0 |a L  
130 0 |a Education Indicators in Focus (Online) 
222 1 0 |a Education Indicators in Focus 
245 0 0 |a Education Indicators in Focus  |h [electronic resource]. 
260 |b OECD Publications Centre 
773 0 |t Education Source   |d EBSCO 
856 4 0 |3 Abstracts available: Dec 2022-Mar 2024.  |z Available in Education Source.  |u https://researchs.unach.elogim.com/direct.asp?db=eue&jid=GDS4&scope=site 
901 |a Working Paper